The joy of discovery in Bible study / (Record no. 8178)

MARC details
000 -LEADER
fixed length control field 00685cam a2200241 i 4500
001 - CONTROL NUMBER
control field 3634652
003 - CONTROL NUMBER IDENTIFIER
control field GBCCL
005 - DATE AND TIME OF LATEST TRANSACTION
control field 20241126110645.0
008 - FIXED-LENGTH DATA ELEMENTS--GENERAL INFORMATION
fixed length control field 751022s1975 mnu 000 0 eng
010 ## -
-- 75022710
020 ## - INTERNATIONAL STANDARD BOOK NUMBER
International Standard Book Number 0806615133 :
Terms of availability $2.50
040 ## - CATALOGING SOURCE
Original cataloging agency DLC
Transcribing agency DLC
Modifying agency DLC
050 10 -
-- BS600.2
-- .W28 1975
082 00 - DEWEY DECIMAL CLASSIFICATION NUMBER
Classification number 220.07
Item number WAL
100 1# - MAIN ENTRY--PERSONAL NAME
Personal name Wald, Oletta.
9 (RLIN) 14238
245 14 - TITLE STATEMENT
Title The joy of discovery in Bible study /
Statement of responsibility, etc. Oletta Wald.
250 ## - EDITION STATEMENT
Edition statement Rev. ed.
260 ## - PUBLICATION, DISTRIBUTION, ETC.
Place of publication, distribution, etc. Minneapolis :
Name of publisher, distributor, etc. Augsburg Pub. House,
Date of publication, distribution, etc. c1975.
300 ## - PHYSICAL DESCRIPTION
Extent 96 p. ;
Dimensions 22 cm.
630 00 - SUBJECT ADDED ENTRY--UNIFORM TITLE
Uniform title Bible
General subdivision Study and teaching.
9 (RLIN) 498
906 ## - LOCAL DATA ELEMENT F, LDF (RLIN)
a 7
b cbc
c orignew
d 2
e ocip
f 19
g y-gencatlg
942 ## - ADDED ENTRY ELEMENTS (KOHA)
Source of classification or shelving scheme Dewey Decimal Classification
Koha item type Books
Koha issues (borrowed), all copies 1
Holdings
Withdrawn status Lost status Source of classification or shelving scheme Damaged status Not for loan Home library Current Library Shelving location Date acquired Total checkouts Total renewals Full call number Barcode Date last seen Date last checked out Copy number Price effective from Koha item type
    Dewey Decimal Classification     GRACE BIBLE COLLEGE GRACE BIBLE COLLEGE Biblical Studies 2019-07-08 1 2 220.07 WAL 004279 2025-05-01 2020-01-27 c.1 2019-07-08 Books
© Grace Bible College Library 2025